Carbon Neutral Meenangadi (Record no. 253699)

MARC details
000 -LEADER
fixed length control field 00312nam a22001217a 4500
082 ## - DEWEY DECIMAL CLASSIFICATION NUMBER
Classification number THA/PR
Item number 2018
100 ## - MAIN ENTRY--PERSONAL NAME
Personal name C,Jayakumar.,et al.
245 ## - TITLE STATEMENT
Title Carbon Neutral Meenangadi
Remainder of title assessment & recommendations
260 ## - PUBLICATION, DISTRIBUTION, ETC. (IMPRINT)
Place of publication, distribution, etc. Thiruvananthapuram
Name of publisher, distributor, etc. Thanal
Date of publication, distribution, etc. 2018
300 ## - PHYSICAL DESCRIPTION
Extent 68
546 ## - LANGUAGE NOTE
Language note English
942 ## - ADDED ENTRY ELEMENTS (KOHA)
Source of classification or shelving scheme Dewey Decimal Classification
Koha item type Report
Holdings
Withdrawn status Lost status Source of classification or shelving scheme Damaged status Not for loan Collection code Home library Current library Shelving location Date acquired Total Checkouts Full call number Barcode Date last seen Price effective from Koha item type
    Dewey Decimal Classification     English Fiction College of Climate Change and Environmental Science, Vellanikkara College of Climate Change and Environmental Science, Vellanikkara   09/12/2020   THA/PR 2018 KAU_CCCES-G-11 09/12/2020 09/12/2020 Report
Kerala Agricultural University Central Library
Thrissur-(Dt.), Kerala Pin:- 680656, India
Ph : (+91)(487) 2372219
E-mail: librarian@kau.in
Website: http://library.kau.in/